Statistiken für Alle Filme von Sergio Leone

Klicken Sie hier um das Quiz zu spielen!

Allgemein

  • Dieses Quiz wurde 30 mal gespielt
  • Das Durchschnittsergebnis liegt bei 5 aus 7

Antwortstatistiken

FilmJahr% Korrekt
Spiel mir das Lied vom Tod1968
93%
Für eine Handvoll Dollar1964
86%
Zwei glorreiche Halunken1966
79%
Es war einmal in Amerika1984
75%
Für ein paar Dollar mehr1965
71%
Todesmelodie1971
46%
Der Koloss von Rhodos1960
43%

Verteilung der Resultate

Perzentil nach korrekt beantworteten Fragen

Anzahl Personen mit jedem Resultat

Ihre Resultats-Entwicklung

Sie haben dieses Quiz noch nicht gespielt